Statistical measurement of pension entitlements
Ekonomický prístup k starnutiu populácie a penziám. Modelovanie schém nároku na dôchodok. Analýza senzitivity ADL modelu.
Gespeichert in:
| 1. Verfasser: | |
|---|---|
| Weitere Verfasser: | |
| Format: | Buchkapitel |
| Sprache: | Englisch |
| Schlagworte: | |
| Tags: |
Keine Tags, Fügen Sie das erste Tag hinzu!
|
MARC
| LEADER | 00000naa a2200000 4500 | ||
|---|---|---|---|
| 001 | 0221665 | ||
| 005 | 20221019173601.6 | ||
| 041 | 0 | |a eng | |
| 044 | |a CZ | ||
| 245 | 1 | 0 | |a Statistical measurement of pension entitlements |c Jaroslav Sixta, Martina Šimková |
| 520 | |a Ekonomický prístup k starnutiu populácie a penziám. Modelovanie schém nároku na dôchodok. Analýza senzitivity ADL modelu. | ||
| 610 | 2 | 0 | |a starnutie populácie |
| 610 | 2 | 0 | |a demografia |
| 610 | 2 | 0 | |a účty národné |
| 610 | 2 | 0 | |a zodpovednosť |
| 610 | 2 | 0 | |a dôchodky |
| 610 | 2 | 0 | |a penzie |
| 610 | 2 | 0 | |a modelovanie |
| 100 | 1 | |a Sixta, Jaroslav | |
| 700 | 1 | |a Šimková, Martina | |